00783nam a2200181 a 4500003000200000005001700002008004100019050003100060100001800091245011300109260009300222300004700315504004100362650005200403650004500455650005400500650004700554020250310161111.0080827s19uu xx 00 eng d aPGS QR 82.A447b.C957 2008 aCruz, Andrew. aAntibacterial effect of the different concentrations of Artemisia vulgaris on Staphylococcus /cAndrew Cruz. aLas Piñas City, Philippines : bSouthville International School and Colleges, c2008. a20 pages : billustrations ; c28 cm.  aIncludes bibliographical references. aArtemisia vulgaris vAntibacterial properties.  aPlant extracts vAntimicrobial activity. aHerbal medicine vMicrobial sensitivity testing.  aStaphylococcus vEffect of plant extracts.